Obligations en matière de désarmement et de limitation des armements: problèmes de respect et mesures d'imposition

Gespeichert in:
Bibliographische Detailangaben
Körperschaft: UNIDIR (VerfasserIn)
Format: Buch
Sprache:Französisch
Veröffentlicht: Nueva York United Nations 1995
Schlagworte:
Tags: Tag hinzufügen
Keine Tags, Fügen Sie den ersten Tag hinzu!

MARC

LEADER 00000nam a2200000 a 4500
001 UCU1401
003 CL-VaPUC
008 960404e19950000US |||||||||||||||||fre|d
082 0 4 |a 327.174  |b UNI  |2 21 
110 2 |a UNIDIR  |e author  |9 357062 
245 1 0 |a Obligations en matière de désarmement et de limitation des armements: problèmes de respect et mesures d'imposition 
300 |a 429 p 
942 |c BK 
945 |d 19960404 00:00:00  |a rleighto 
260 |a Nueva York  |b United Nations  |c 1995 
650 0 |a Armamento  |9 357063 
650 0 |a Armas   |9 318202 
650 0 |a Desarme  |9 255227 
583 |a last modification  |c 19960404 00:00:00  |k Rodrigo Vera 
999 |c 246045  |d 246043 
952 |0 0  |1 0  |4 0  |6 327_174000000000000_UNI_1995  |7 0  |8 A  |9 260769  |a BIBHIS  |b BIBHIS  |d 2019-11-19  |i 3185818  |o 327.174 UNI 1995  |p 3185818  |r 2025-01-20  |w 2019-11-19  |y BK  |k HIS